<?xml version="1.0" encoding="UTF-8"?>
<collection xmlns="http://www.loc.gov/MARC21/slim">
<record>
  <controlfield tag="001">163675</controlfield>
  <controlfield tag="005">20251028143428.0</controlfield>
  <datafield tag="024" ind1="8" ind2=" ">
    <subfield code="2">innovaciondocente</subfield>
    <subfield code="a">5379</subfield>
  </datafield>
  <datafield tag="037" ind1=" " ind2=" ">
    <subfield code="a">INNODOC-2024-5379</subfield>
  </datafield>
  <datafield tag="041" ind1=" " ind2=" ">
    <subfield code="a">spa</subfield>
  </datafield>
  <datafield tag="100" ind1=" " ind2=" ">
    <subfield code="0">(orcid)0000-0003-1575-7738</subfield>
    <subfield code="a">Modrego Alarcón, Marta</subfield>
    <subfield code="e">coord.</subfield>
  </datafield>
  <datafield tag="245" ind1=" " ind2=" ">
    <subfield code="a">TENDIENDO PUENTES ENTRE EL PROFESORADO UNIVERSITARIO DE LA MENCIÓN DE AUDICIÓN Y LENGUAJE DEL DEPARTAMENTO DE PSICOLOGÍA Y SOCIOLOGÍA Y EL PROFESORADO ESPECIALISTA DE LOS CENTROS EDUCATIVOS</subfield>
  </datafield>
  <datafield tag="260" ind1=" " ind2=" ">
    <subfield code="a">Zaragoza</subfield>
    <subfield code="b">Universidad de Zaragoza</subfield>
    <subfield code="c">2024</subfield>
  </datafield>
  <datafield tag="520" ind1="3" ind2=" ">
    <subfield code="a">Este programa comenzó su andadura en el curso académico 21-22 como un PIIDUZ (ID 419) que pretendía promover la coordinación entre el profesorado de las asignaturas de la Mención de Audición y Lenguaje del Departamento de Psicología y Sociología (Grado de Magisterio en Educación Primaria de la Universidad de Zaragoza), así como acercar la realidad educativa al alumnado universitario de esta mención. En el curso académico 22-23, se presentó en la modalidad de PISOC, dado que se comenzó a contar con la colaboración de la Asociación de Maestros/as de Audición y Lenguaje de Aragón (AMALDA). Se favorecía así una unión comprometida entre los profesionales especialistas en Audición y Lenguaje y los estudiantes de la Mención, ampliándose, además, a estudiantes de otros cursos del Grado de Magisterio en Educación Infantil y Primaria de la Facultad de Educación de la Universidad de Zaragoza. El PISOC que se presenta pretende: 1) mantener un seminario permanente entre el profesorado universitario y el profesorado de los centros educativos; 2) promover una red amplia de intercambio formativo (a través de la realización y la participación en sesiones de formación y/o jornadas/congreso), favoreciendo así la transferibilidad entre entornos de enseñanza/aprendizaje; 3) poner en marcha diversas acciones en materia de audición y lenguaje que ayuden a garantizar una formación de calidad de los estudiantes y, a su vez, contribuyan a resaltar la figura del maestro/a especialista de Audición y Lenguaje (como repositorio de documentos, intercambio de recursos, elaboración de materiales, etc.,) .</subfield>
  </datafield>
  <datafield tag="700" ind1=" " ind2=" ">
    <subfield code="0">(orcid)0000-0002-0633-2810</subfield>
    <subfield code="a">Alacreu Crespo, Adrián</subfield>
  </datafield>
  <datafield tag="700" ind1=" " ind2=" ">
    <subfield code="0">(orcid)0000-0002-2116-9257</subfield>
    <subfield code="a">Barceló Soler, Alberto</subfield>
  </datafield>
  <datafield tag="700" ind1=" " ind2=" ">
    <subfield code="0">(orcid)0000-0003-2088-2007</subfield>
    <subfield code="a">Monreal Bartolomé, Alicia</subfield>
  </datafield>
  <datafield tag="700" ind1=" " ind2=" ">
    <subfield code="a">Pascual Fernández, Alicia Isabel</subfield>
  </datafield>
  <datafield tag="700" ind1=" " ind2=" ">
    <subfield code="a">Navarro Navarro, Ana</subfield>
  </datafield>
  <datafield tag="700" ind1=" " ind2=" ">
    <subfield code="0">(orcid)0000-0001-9925-4470</subfield>
    <subfield code="a">Verdejo Badal, Ana José</subfield>
  </datafield>
  <datafield tag="700" ind1=" " ind2=" ">
    <subfield code="a">Sánchez García, Belén María</subfield>
  </datafield>
  <datafield tag="700" ind1=" " ind2=" ">
    <subfield code="0">(orcid)0000-0001-9903-4064</subfield>
    <subfield code="a">Campos Bacas, Daniel</subfield>
  </datafield>
  <datafield tag="700" ind1=" " ind2=" ">
    <subfield code="a">Juste Blasco, Elena</subfield>
  </datafield>
  <datafield tag="700" ind1=" " ind2=" ">
    <subfield code="0">(orcid)0000-0001-7667-5475</subfield>
    <subfield code="a">Ayllón Negrillo, Ester</subfield>
  </datafield>
  <datafield tag="700" ind1=" " ind2=" ">
    <subfield code="a">Dito Lahuerta, Eva</subfield>
  </datafield>
  <datafield tag="700" ind1=" " ind2=" ">
    <subfield code="0">(orcid)0000-0003-0394-5205</subfield>
    <subfield code="a">Vicente Sánchez, Eva</subfield>
  </datafield>
  <datafield tag="700" ind1=" " ind2=" ">
    <subfield code="0">(orcid)0009-0008-6480-5867</subfield>
    <subfield code="a">Fernández Catalán, Guillem</subfield>
  </datafield>
  <datafield tag="700" ind1=" " ind2=" ">
    <subfield code="a">Morillo Sarto, Héctor</subfield>
  </datafield>
  <datafield tag="700" ind1=" " ind2=" ">
    <subfield code="0">(orcid)0000-0002-8001-911X</subfield>
    <subfield code="a">Jaén Parrilla, Irene</subfield>
  </datafield>
  <datafield tag="700" ind1=" " ind2=" ">
    <subfield code="0">(orcid)0000-0002-1437-2353</subfield>
    <subfield code="a">Borao Zabala, Luis</subfield>
  </datafield>
  <datafield tag="700" ind1=" " ind2=" ">
    <subfield code="a">Alcaraz Iborra, Manuel</subfield>
  </datafield>
  <datafield tag="700" ind1=" " ind2=" ">
    <subfield code="0">(orcid)0009-0007-9320-6751</subfield>
    <subfield code="a">Segura Berges, Manuel</subfield>
  </datafield>
  <datafield tag="700" ind1=" " ind2=" ">
    <subfield code="a">Bueno Díez, María</subfield>
  </datafield>
  <datafield tag="700" ind1=" " ind2=" ">
    <subfield code="0">(orcid)0000-0003-2743-2965</subfield>
    <subfield code="a">Bravo Álvarez, María Ángeles</subfield>
  </datafield>
  <datafield tag="700" ind1=" " ind2=" ">
    <subfield code="0">(orcid)0000-0002-6190-245X</subfield>
    <subfield code="a">Acero Ferrero, María Antonia</subfield>
  </datafield>
  <datafield tag="700" ind1=" " ind2=" ">
    <subfield code="0">(orcid)0000-0001-5566-9746</subfield>
    <subfield code="a">Pérez Yus, María Cruz</subfield>
  </datafield>
  <datafield tag="700" ind1=" " ind2=" ">
    <subfield code="a">Casasús Maza, María de Guayente</subfield>
  </datafield>
  <datafield tag="700" ind1=" " ind2=" ">
    <subfield code="a">Vazquez Porta, Maria Isabel</subfield>
  </datafield>
  <datafield tag="700" ind1=" " ind2=" ">
    <subfield code="0">(orcid)0000-0002-4780-006X</subfield>
    <subfield code="a">Fernández Turrado, María Teresa</subfield>
  </datafield>
  <datafield tag="700" ind1=" " ind2=" ">
    <subfield code="0">(orcid)0000-0003-4842-0453</subfield>
    <subfield code="a">Navarro Gil, María Teresa</subfield>
  </datafield>
  <datafield tag="700" ind1=" " ind2=" ">
    <subfield code="0">(orcid)0000-0003-3762-9374</subfield>
    <subfield code="a">Bestué Laguna, Marta</subfield>
  </datafield>
  <datafield tag="700" ind1=" " ind2=" ">
    <subfield code="0">(orcid)0009-0005-8409-161X</subfield>
    <subfield code="a">Pérez Curiel, Patricia</subfield>
  </datafield>
  <datafield tag="700" ind1=" " ind2=" ">
    <subfield code="a">Moreno Ondiviela, Pilar</subfield>
  </datafield>
  <datafield tag="700" ind1=" " ind2=" ">
    <subfield code="0">(orcid)0000-0002-0493-1641</subfield>
    <subfield code="a">Fueyo Díaz, Ricardo</subfield>
  </datafield>
  <datafield tag="700" ind1=" " ind2=" ">
    <subfield code="a">Ene Gimeno, Séfora</subfield>
  </datafield>
  <datafield tag="700" ind1=" " ind2=" ">
    <subfield code="a">López Mayoral, Teresa</subfield>
  </datafield>
  <datafield tag="856" ind1="4" ind2=" ">
    <subfield code="s">100919</subfield>
    <subfield code="u">http://zaguan.unizar.es/record/163675/files/memoria_PISOC_2024_5379.pdf</subfield>
    <subfield code="y">Memoria del proyecto</subfield>
  </datafield>
  <datafield tag="970" ind1=" " ind2=" ">
    <subfield code="a">INNODOC-2024-5379</subfield>
  </datafield>
  <datafield tag="980" ind1=" " ind2=" ">
    <subfield code="a">INNODOC</subfield>
    <subfield code="b">PISOC</subfield>
  </datafield>
</record>
</collection>